000 00866nab a2200265 u 4500
001 21647
003 HDC
007 cr bn ---aaaaa
008 210309c20100220xx dr|noo 0 a eng d
040 _aHDC
100 _aANUSHA K.
_eauthor
_919081
245 0 _aWHAT: What's cooking with... airline food? / by
_cANUSHA K.
260 _a[No place] :
_b[publisher not identified],
_c2010
300 _a1 online resource
336 _atext
_2rdacontent
337 _acomputer
_2rdamedia
338 _aonline resource
_2rdacarrier
650 _aairline food
_919083
650 _aIn-flight meals
_919082
710 _aHalal Focus
856 _zRequest full-text at [email protected]
942 _2lcc
942 _cNEWS
942 _kNWSO 006592
999 _c18963
_d18963